Censo de población, 1984. Tomo 2
EL segundo tomo del Octavo Denso de Población presenta un total de cincuenta y tres cuadros estadísticos relativos a la población económicamente activa ocupada y desempleada (personas de doce años o más que trabajan o buscan trabajo). Las variables que se incluyen son: ocupaciones, rama de actividad...
Guardado en:
| Institution som forfatter: | |
|---|---|
| Format: | Texto |
| Udgivet: |
San José:
MGP. Imprenta Nacional
|
| Fag: | |
| Tags: |
Tilføj Tag
Ingen Tags, Vær først til at tagge denne postø!
|
MARC
| LEADER | 00000 a a2200000 04500 | ||
|---|---|---|---|
| 001 | 37975 | ||
| 003 | |||
| 040 | |||
| 090 | |a 1001 CR8375c 1984 T.2 | ||
| 110 | |a Costa Rica. Ministerio de Economía, Industria y Comercio. Dirección General de Estadística y Censos | ||
| 245 | |a Censo de población, 1984. Tomo 2 | ||
| 260 | |a San José: |b MGP. Imprenta Nacional | ||
| 300 | |a 88, 242 p. | ||
| 520 | |a EL segundo tomo del Octavo Denso de Población presenta un total de cincuenta y tres cuadros estadísticos relativos a la población económicamente activa ocupada y desempleada (personas de doce años o más que trabajan o buscan trabajo). Las variables que se incluyen son: ocupaciones, rama de actividad, empleo, desempleo, sexo, grupos de edad, niveles de instrucción y áreas de residencia rural o urbano. Se expone, además, las definiciones de los conceptos utilizados y se reproduce la boleta censal. EVM/mb | ||
| 650 | |a CENSOS DE POBLACION | ||
| 650 | |a METODOLOGIA | ||
| 650 | |a POBLACION | ||
| 650 | |a POBLACION ACTIVA | ||
| 650 | |a OCUPACIONES | ||
| 650 | |a EMPLEO | ||
| 650 | |a DESEMPLEO | ||
| 650 | |a SEXO | ||
| 650 | |a GRUPOS DE EDAD | ||
| 650 | |a NIVELES DE ENSEÑANZA | ||
| 650 | |a ZONAS RURALES | ||
| 650 | |a ZONAS URBANAS | ||
| 999 | |c 15138 |d 15138 | ||
